000 00495nam a2200169Ia 4500
003 GCL
008 140319s9999 xx 000 0 ara d
040 _aGCL /
_cGCL
082 0 4 _a249.2
_bع ب \\=aعبدالمنعم احمد النمرv
245 1 0 _aالبابية والبهائية تاريخ ووثائق
260 _a[S.N] :
_bمكتبة التراث الاسلامى
300 _a249 ص
490 _a
650 0 4 _aالبهائية
650 0 4 _aالبابية
942 _2ddc
_cBK
999 _c52929
_d52929